Statistics for Newcastle United, teams beat most

Click here to take the quiz!

General Stats

  • This quiz has been taken 285 times
    (40 since last reset)
  • The average score is 8 of 12

Answer Stats

# Wins Answer % Correct
712Chelsea
94%
317Everton
91%
122Aston Villa
85%
221Tottenham Hotspur
85%
712Southampton
79%
711Liverpool
73%
417West Ham United
67%
711West Bromwich Albion
52%
513Middlesbrough
48%
711Leeds United
39%
1210Coventry City
36%
612Bolton Wanderers
36%

Score Distribution

Percentile by Number Answered

Percent of People with Each Score

Your Score History

You have not taken this quiz since the last reset